| 000 | 00466nam a22001937a 4500 | ||
|---|---|---|---|
| 005 | 20230830171826.0 | ||
| 008 | 230830b |||||||| |||| 00| 0 eng d | ||
| 020 | _a9780619035280 | ||
| 082 |
_a658.404 _bSCH-I |
||
| 100 | _aSchwalbe,Kathy | ||
| 245 | _aInformation Technology Project Management | ||
| 250 | _a2nd.ed. | ||
| 260 |
_aIndia _c2002 |
||
| 300 | _a561 | ||
| 500 | _aInclude index | ||
| 650 | _aManagement | ||
| 700 | _aKathy Schwalbe | ||
| 999 |
_c33334 _d33334 |
||